000 00841nac a22002051u 4500
010 _a99032117
020 _a8178083329
082 0 0 _a621.382
_bK813
090 _c1408
_d1408
100 _aKolimbiris, Harold.
245 1 0 _aDigital communications systems :
_bwith satellite and fibre-optics applications /
_cby Harold Kolimbiris.
260 _aUpper Saddle River, N.J. :
_bPearson Education,
_cc2000.
300 _axiii, 466 p. :
_bill. ;
_c25 cm.
504 _aIncludes bibliographical references (p. 451-452) and index.
650 0 _aDigital communications.
650 0 _aArtificial satellites in telecommunication.
650 0 _aOptical fibers.
942 _cBB
_k621.382K813
999 _c1408
_d1408